CHL-mestaruudet - Statistics

Yleistilastot
  • Tätä visaa on pelattu 74 kertaa
  • Keskiarvotulos 6 / 10
Vastaustilastot
% Oikein
2023 Tappara Suomi
96%
2018 JYP Suomi
88%
2016 Frölunda HC Ruotsi
67%
2017 Frölunda HC Ruotsi
67%
2019 Frölunda HC Ruotsi
67%
2020 Frölunda HC Ruotsi
67%
2015 Luleå HF Ruotsi
47%
2024 Genève-Servette HC Sveitsi
37%
2022 Rögle BK Ruotsi
33%
2009 ZSC Lions Sveitsi
32%
Ehtoja vastaavia visoja ei löytynyt
Tulosjakauma
Jokaisen tuloksen saaneiden osuus
Persentiili vastausten määrän mukaan
Tuloshistoriasi
Et ole pelannut tätä visaa